[Event "Nordic-ch"]
[Site "Aarhus"]
[Date "2003.09.10"]
[Round "5"]
[White "Schandorff, Lars"]
[Black "Naes, Flovin Tor"]
[Result "1/2-1/2"]
[WhiteElo "2525"]
[BlackElo "2330"]
[PlyCount "34"]
[EventDate "2003.09.06"]
[EventType "tourn"]
[EventRounds "11"]
[EventCountry "DEN"]
[EventCategory "10"]
[SourceTitle "CBM 098"]
[Source "ChessBase"]
[SourceDate "2004.02.03"]

1. d4 d5 2. c4 e6 3. Nf3 c5 4. cxd5 exd5 5. Nc3 Nc6 6. Bf4 Nf6 7. e3 c4 8. Be2
Be7 9. Ne5 Be6 10. O-O O-O 11. b3 Qa5 12. Qc2 Nxe5 13. Bxe5 Bb4 14. Rfc1 Ba3
15. Rcb1 Bb4 16. Rc1 Ba3 17. Rcb1 Bb4 1/2-1/2

[Event "Nordic-ch"]
[Site "Aarhus"]
[Date "2003.09.06"]
[Round "1"]
[White "Stefansson, Hannes"]
[Black "Naes, Flovin Tor"]
[Result "1-0"]
[WhiteElo "2560"]
[BlackElo "2330"]
[PlyCount "89"]
[EventDate "2003.09.06"]
[EventType "tourn"]
[EventRounds "11"]
[EventCountry "DEN"]
[EventCategory "10"]
[SourceTitle "CBM 098"]
[Source "ChessBase"]
[SourceDate "2004.02.03"]

1. e4 e5 2. Nf3 Nc6 3. Bb5 a6 4. Ba4 Nf6 5. O-O Nxe4 6. d4 b5 7. Bb3 d5 8. dxe5
Be6 9. Nbd2 Nc5 10. c3 Be7 11. Bc2 Bg4 12. Re1 O-O 13. Nf1 Ne6 14. Ng3 Qd7 15.
h3 Bxf3 16. Qxf3 g6 17. Bh6 Rfe8 18. Rad1 Rad8 19. Bb3 d4 20. Nh5 d3 21. Re3 d2
22. Re2 Qd3 23. Qxd3 Rxd3 24. Bxe6 fxe6 25. Nf4 Rd7 26. Nxe6 Ba3 27. bxa3 Rxe6
28. f4 Nd8 29. Bg5 Rc6 30. Rexd2 Rxd2 31. Rxd2 Ne6 32. Bh6 Rxc3 33. Rd7 Rc4 34.
Re7 Rc6 35. g4 g5 36. f5 Nf4 37. e6 Rc1+ 38. Kf2 Rc2+ 39. Ke3 Nd5+ 40. Kd3 Rc3+
41. Kd2 Nxe7 42. Kxc3 c5 43. Bxg5 Nd5+ 44. Kd3 Kf8 45. f6 1-0